Losowe powiaty województwa mazowieckiego - Statystyki

Ogólne statystyki
  • Ten quiz został rozwiązany 9 razy
  • Średni wynik to 7 z 10
Odpowiedzi na mapie
Odpowiedzi zakodowano w zielono-czerwonej skali na mapie do tego quizu, zgodnie z poniższymi procentami.
 
Statystyki odpowiedzi
Powiat % Poprawnych
białobrzeski
100%
garwoliński
100%
grójecki
100%
legionowski
100%
lipski
100%
makowski
100%
nowodworski
100%
ostrołęcki
100%
Ostrołęka
100%
ostrowski
100%
piaseczyński
100%
Płock
100%
płocki
100%
Radom
100%
radomski
100%
siedlecki
100%
Warszawa
100%
żyrardowski
100%
sokołowski
80%
Siedlce
75%
ciechanowski
67%
kozienicki
67%
płoński
67%
warszawski zachodni
67%
wyszkowski
67%
mławski
50%
przasnyski
50%
wołomiński
50%
zwoleński
50%
gostyniński
33%
pruszkowski
33%
sierpecki
33%
grodziski
0%
łosicki
0%
miński
0%
otwocki
0%
przysuski
0%
pułtuski
0%
sochaczewski
0%
szydłowiecki
0%
węgrowski
0%
żuromiński
0%
Nie znaleziono quizów pasujących do podanych kryteriów
Rozkład punktacji
Procent ludzi z każdym wynikiem
Percentyl według liczby udzielonych odpowiedzi
Twoja historia wyników
Nie rozwiązałeś tego quizu